Chronology of women worldwide : (Record no. 38939)
[ view plain ]
| 000 -LEADER | |
|---|---|
| fixed length control field | 00480cam a2200181 a 4500 |
| 001 - CONTROL NUMBER | |
| control field | 1162639 |
| 005 - DATE AND TIME OF LATEST TRANSACTION | |
| control field | 20171214073855.0 |
| 008 - FIXED-LENGTH DATA ELEMENTS--GENERAL INFORMATION | |
| fixed length control field | 960531s1997 miua b 001 0 eng |
| 010 ## - LIBRARY OF CONGRESS CONTROL NUMBER | |
| LC control number | 96023915 |
| 020 ## - INTERNATIONAL STANDARD BOOK NUMBER | |
| International Standard Book Number | 0787601543 (alk. paper) |
| 040 ## - CATALOGING SOURCE | |
| Original cataloging agency | DLC |
| Transcribing agency | DLC |
| Modifying agency | DLC |
| 041 ## - LANGUAGE CODE | |
| Language code of text/sound track or separate title | eng |
| 080 ## - UNIVERSAL DECIMAL CLASSIFICATION NUMBER | |
| Universal Decimal Classification number | 305.409 BRA |
| 082 00 - DEWEY DECIMAL CLASSIFICATION NUMBER | |
| Classification number | 305.409 BRA |
| Edition number | 20 |
| 100 ## - Rafti | |
| Rafti | 50 |
| 101 ## - Shkurtesa | |
| Shkurtesa | SOC |
| 245 00 - TITLE STATEMENT | |
| Title | Chronology of women worldwide : |
No items available.